000 00500nam a2200169 i 4500
001 61489
003 ES-MaACL
005 20230906164452.0
007 t|
008 031112s1920 sp ||||1| spa d
100 1 _aFabre, J. H.
_948535
245 1 0 _aCostumbres de los insectos /
_cJ.H. Fabre ; traducción por Felipe Villaverde.
260 _aMadrid :
_bCalpe,
_c1920 (
_fImp. Marzo)
300 _a319 p., 16 lám. ;
_c19 cm.
700 1 _aVillaverde, Felipe.
_9115174
852 _aES-MaACL
_jF-10010
999 _c61489
_d61489